Sports Quiz

Random Sports or NBA Quiz

30 points in an NBA playoff game - 1980 Quiz Stats

 Plays Quiz not verified by Sporcle

Challenge
Share
Tweet
Embed
Score 0/16 Timer 05:00
0 Plays Today
Team Player % Correct
SpursGeorge Gervin
100%
LakersEarvin Johnson
100%
LakersKareem Abdul Jabbar
100%
76ersJulius Erving
100%
BucksMarques Johnson
100%
RocketsMoses Malone
96.7%
CelticsLarry Bird
93.3%
LakersJamaal Wilkes
83.3%
Team Player % Correct
SonicsGus Williams
80%
RocketsCalvin Murphy
73.3%
SunsPaul Westphal
70%
SonicsFred Brown
53.3%
76ersDarryl Dawkins
50%
KingsOtis Birdsong
40%
KingsScott Wedman
36.7%
BulletsKevin Grevey
33.3%

You're not logged in!

Compare scores with friends on all Sporcle quizzes.
OR
Log In

You Might Also Like...

Show Comments

Extras

Top Quizzes Today


Score Distribution

Your Account Isn't Verified!

In order to create a playlist on Sporcle, you need to verify the email address you used during registration. Go to your Sporcle Settings to finish the process.

Report this User

Report this user for behavior that violates our Community Guidelines.

Details: